[Event "Madrid ch Superveteranos 2023-2024"]
[Site "Madrid ESP"]
[Date "2024.05.13"]
[Round "1.1"]
[White "Barraza Caracuel, Ignacio"]
[Black "Jimenez Ascarza, Jose Ignacio"]
[Result "1-0"]
[WhiteElo "2046"]
[BlackElo "1749"]
[PlyCount "127"]
[EventDate "2024.05.13"]
[EventType "swiss"]
[EventRounds "7"]
[EventCountry "ESP"]
[SourceTitle "Ajedrez en Madrid"]
[Source "lmi"]
[SourceDate "2024.05.13"]
[SourceVersion "1"]
[SourceVersionDate "2024.05.25"]
[SourceQuality "1"]

1. e4 c5 2. Nf3 e6 3. c4 Nc6 4. Nc3 Qc7 5. g3 a6 6. Bg2 Nf6 7. O-O Rb8 8. d4
Nxd4 9. Nxd4 cxd4 10. Qxd4 Bc5 11. Qd3 d6 12. Bf4 O-O 13. Rad1 e5 14. Bg5 Be6
15. b3 Ne8 16. Kh1 f6 17. Be3 f5 18. exf5 Bxf5 19. Be4 Bxe4+ 20. Nxe4 Qc6 21.
Bxc5 dxc5 22. Qd5+ Qxd5 23. Rxd5 Nf6 24. Rxe5 Nxe4 25. Rxe4 Rbe8 26. Rxe8 Rxe8
27. Rd1 Re2 28. Kg2 Rxa2 29. Rd8+ Kf7 30. Rd7+ Kf6 31. Rxb7 h5 32. h4 g5 33.
hxg5+ Kxg5 34. Rc7 Ra5 35. Rd7 Kg6 36. Rd5 Kh6 37. Kh3 Ra3 38. Rxc5 Rxb3 39.
Rc6+ Kg5 40. Rxa6 Rc3 41. Ra5+ Kg6 42. Rc5 Rf3 43. Kg2 Rc3 44. Rc8 Kf5 45. Rf8+
Kg6 46. Rf4 Kg5 47. Rd4 Rc2 48. Rd5+ Kg4 49. c5 h4 50. Rd4+ Kg5 51. Rxh4 Rxc5
52. f4+ Kg6 53. Rh8 Kg7 54. Ra8 Rc2+ 55. Kf3 Kf6 56. Ra6+ Kg7 57. Kg4 Rc5 58.
f5 Rc4+ 59. Kg5 Rc3 60. Ra7+ Kf8 61. g4 Rc6 62. f6 Rc5+ 63. Kg6 Rc8 64. Rh7 1-0

[Event "Madrid ch Superveteranos 2023-2024"]
[Site "Madrid ESP"]
[Date "2024.05.13"]
[Round "1.2"]
[White "Martinez Rubio, Felipe"]
[Black "Cabanas Bravo, Juan Andres"]
[Result "0-1"]
[WhiteElo "1746"]
[BlackElo "1986"]
[PlyCount "98"]
[EventDate "2024.05.13"]
[EventType "swiss"]
[EventRounds "7"]
[EventCountry "ESP"]
[SourceTitle "Ajedrez en Madrid"]
[Source "lmi"]
[SourceDate "2024.05.13"]
[SourceVersion "1"]
[SourceVersionDate "2024.05.25"]
[SourceQuality "1"]

1. d4 Nf6 2. Bf4 c5 3. e3 Nd5 4. Bxb8 Rxb8 5. c3 cxd4 6. exd4 b5 7. Nd2 g6 8.
Ngf3 Bg7 9. g3 O-O 10. Bg2 a5 11. O-O Qc7 12. Rc1 Ba6 13. Re1 d6 14. Ng5 Nb6
15. Qe2 h6 16. Nh3 e6 17. Nf4 Rfe8 18. h4 Qa7 19. Bc6 b4 20. Qf3 Bb7 21. Bxb7
Rxb7 22. Qc6 Rd8 23. Qe4 Nd7 24. Qe3 bxc3 25. bxc3 Qb8 26. Rb1 Nf8 27. Rxb7
Qxb7 28. Rb1 Qa8 29. Qf3 Qc8 30. Qe2 Qxc3 31. Nf3 Rc8 32. Qe3 Qc2 33. Qb3 a4
34. Qb4 e5 35. dxe5 dxe5 36. Nd5 Rd8 37. Ne3 Qc6 38. Ne1 e4 39. Qc4 Qa8 40. Rd1
Rc8 41. Qd5 Ne6 42. Qxa8 Rxa8 43. Kg2 Rb8 44. Nc4 Rb4 45. Nd6 f5 46. Kf1 Rb2
47. a3 Bd4 48. Rxd4 Nxd4 49. Nc4 Ra2 0-1

[Event "Madrid ch Superveteranos 2023-2024"]
[Site "Madrid ESP"]
[Date "2024.05.13"]
[Round "1.3"]
[White "Pastor Alonso De Prado, Alberto"]
[Black "Martinez Pintor, Juan"]
[Result "1-0"]
[WhiteElo "1980"]
[BlackElo "1743"]
[PlyCount "47"]
[EventDate "2024.05.13"]
[EventType "swiss"]
[EventRounds "7"]
[EventCountry "ESP"]
[SourceTitle "Ajedrez en Madrid"]
[Source "lmi"]
[SourceDate "2024.05.13"]
[SourceVersion "1"]
[SourceVersionDate "2024.05.25"]
[SourceQuality "1"]

1. e4 e6 2. d4 d5 3. e5 c5 4. c3 Nc6 5. Nf3 Qb6 6. Be2 cxd4 7. cxd4 Nge7 8. Na3
Nf5 9. Nc2 Nb4 10. Ne3 Nxe3 11. Bxe3 Bd7 12. a3 Nc6 13. b4 Be7 14. h4 f5 15.
exf6 gxf6 16. Rc1 Kf7 17. Qd3 Bd6 18. g4 Ne7 19. g5 Nf5 20. gxf6 Nxe3 21. Qxe3
Kxf6 22. Qg5+ Kf7 23. Ne5+ Bxe5 24. Bh5+ 1-0

[Event "Madrid ch Superveteranos 2023-2024"]
[Site "Madrid ESP"]
[Date "2024.05.13"]
[Round "1.4"]
[White "Ramos Antona, Enrique"]
[Black "Gonzalez Rivera, Eduardo"]
[Result "0-1"]
[WhiteElo "1737"]
[BlackElo "1965"]
[PlyCount "50"]
[EventDate "2024.05.13"]
[EventType "swiss"]
[EventRounds "7"]
[EventCountry "ESP"]
[SourceTitle "Ajedrez en Madrid"]
[Source "lmi"]
[SourceDate "2024.05.13"]
[SourceVersion "1"]
[SourceVersionDate "2024.05.25"]
[SourceQuality "1"]

1. Nf3 d5 2. g3 c5 3. Bg2 Nc6 4. O-O e5 5. d3 Be7 6. h3 Be6 7. Nbd2 Qd7 8. Kh2
g5 9. c4 d4 10. Ne4 f6 11. e3 h5 12. a3 g4 13. Ng1 h4 14. hxg4 Bxg4 15. f3
hxg3+ 16. Kxg3 Be6 17. Nf2 f5 18. Nfh3 dxe3 19. Kh2 f4 20. Qa4 Bh4 21. b4 Bg3+
22. Kh1 Bxh3 23. Nxh3 Rxh3+ 24. Kg1 e2 25. Re1 Qd4+ 0-1

[Event "Madrid ch Superveteranos 2023-2024"]
[Site "Madrid ESP"]
[Date "2024.05.13"]
[Round "1.5"]
[White "Martin Martin, Luis Vicente"]
[Black "Ros Martinez, Francisco Javier"]
[Result "1-0"]
[WhiteElo "1953"]
[BlackElo "1731"]
[PlyCount "89"]
[EventDate "2024.05.13"]
[EventType "swiss"]
[EventRounds "7"]
[EventCountry "ESP"]
[SourceTitle "Ajedrez en Madrid"]
[Source "lmi"]
[SourceDate "2024.05.13"]
[SourceVersion "1"]
[SourceVersionDate "2024.05.25"]
[SourceQuality "1"]

1. d4 d5 2. Bf4 c5 3. e3 Nc6 4. c3 Nf6 5. Nd2 Bf5 6. Ngf3 Qb6 7. Qb3 c4 8. Qxb6
axb6 9. a3 b5 10. Rc1 h6 11. h3 e6 12. Be2 Kd8 13. O-O Be7 14. Bd1 Nd7 15. Re1
Nb6 16. Bc2 Bxc2 17. Rxc2 g5 18. Bg3 f5 19. Ne5 Nxe5 20. Bxe5 Rg8 21. g4 Nd7
22. Bg3 Nf6 23. f3 Kd7 24. Be5 Ne8 25. e4 f4 26. exd5 exd5 27. Nf1 Rg6 28. Rce2
Raa6 29. Bxf4 Rae6 30. Rxe6 Rxe6 31. Rxe6 Kxe6 32. Bg3 Bd6 33. Bxd6 Nxd6 34.
Ne3 b6 35. Kf2 Nf7 36. Nf5 Kf6 37. Kg3 h5 38. Ne3 h4+ 39. Kf2 Ke6 40. Nf5 Kf6
41. Ne3 Ke6 42. Ng2 Kf6 43. f4 gxf4 44. Nxf4 Ng5 45. Kg2 1-0

[Event "Madrid ch Superveteranos 2023-2024"]
[Site "Madrid ESP"]
[Date "2024.05.13"]
[Round "1.6"]
[White "De Los Rios Camacho, Juan Antoni"]
[Black "Perez Agusti, Luis"]
[Result "0-1"]
[WhiteElo "1728"]
[BlackElo "1928"]
[PlyCount "99"]
[EventDate "2024.05.13"]
[EventType "swiss"]
[EventRounds "7"]
[EventCountry "ESP"]
[SourceTitle "Ajedrez en Madrid"]
[Source "lmi"]
[SourceDate "2024.05.13"]
[SourceVersion "1"]
[SourceVersionDate "2024.05.25"]
[SourceQuality "1"]

1. Nf3 Nf6 2. d3 d5 3. c3 Bf5 4. Nbd2 e6 5. Ne5 Nbd7 6. Ndf3 Nxe5 7. Nxe5 Bd6
8. d4 Bxe5 9. dxe5 Nd7 10. Bf4 c6 11. e3 Qc7 12. g4 Bg6 13. h4 h5 14. Bd3 Bxd3
15. Qxd3 hxg4 16. Qd4 c5 17. Qa4 Qc6 18. Qxc6 bxc6 19. c4 Rh5 20. cxd5 cxd5 21.
Rc1 Rc8 22. b4 c4 23. a4 Nxe5 24. Bxe5 Rxe5 25. Kd2 Kd7 26. b5 Rh5 27. Kc3 Rch8
28. a5 g5 29. a6 gxh4 30. b6 axb6 31. Kb4 Kc6 32. e4 Ra8 33. exd5+ exd5 34. Ra1
h3 35. Rh2 Ra7 36. Ra2 Re5 37. f3 f5 38. fxg4 fxg4 39. Rhf2 Re6 40. Rf8 Rg6 41.
Rc8+ Kd7 42. Rh8 Kd6 43. Kb5 Ke5 44. Re8+ Kf4 45. Rf8+ Kg5 46. Rb8 g3 47. Rxb6
Rxb6+ 48. Kxb6 Rxa6+ 49. Rxa6 g2 50. Ra8 0-1

[Event "Madrid ch Superveteranos 2023-2024"]
[Site "Madrid ESP"]
[Date "2024.05.13"]
[Round "1.7"]
[White "Garcia Galeote, Lorenzo"]
[Black "Mauriello, Nunzio"]
[Result "1/2-1/2"]
[WhiteElo "1905"]
[BlackElo "1726"]
[PlyCount "68"]
[EventDate "2024.05.13"]
[EventType "swiss"]
[EventRounds "7"]
[EventCountry "ESP"]
[SourceTitle "Ajedrez en Madrid"]
[Source "lmi"]
[SourceDate "2024.05.13"]
[SourceVersion "1"]
[SourceVersionDate "2024.05.25"]
[SourceQuality "1"]

1. d4 d5 2. c4 e6 3. Nc3 c6 4. cxd5 exd5 5. Qc2 Bd6 6. Nf3 h6 7. e3 Nf6 8. Bd3
O-O 9. h3 Re8 10. Bd2 Nbd7 11. O-O a6 12. a3 c5 13. dxc5 Nxc5 14. Be2 Bd7 15.
b4 Nce4 16. Nxe4 Nxe4 17. Rac1 Bf5 18. Qb2 Qd7 19. Rfd1 Re6 20. Bf1 Rg6 21. Nh4
Rg5 22. Nf3 Rg6 23. Ne5 Bxe5 24. Qxe5 Rd6 25. Bc3 f6 26. Qf4 Nxc3 27. Rxc3 Bg6
28. Qd4 Rc8 29. Rc5 Bf7 30. e4 b6 31. Rxc8+ Qxc8 32. exd5 Rxd5 33. Qa1 b5 34.
Rd4 Qd7 1/2-1/2

[Event "Madrid ch Superveteranos 2023-2024"]
[Site "Madrid ESP"]
[Date "2024.05.13"]
[Round "1.8"]
[White "Camarero Izquierdo, Juan Carlos"]
[Black "Pashov, Spas Nikolov"]
[Result "1-0"]
[WhiteElo "1725"]
[BlackElo "1893"]
[PlyCount "53"]
[EventDate "2024.05.13"]
[EventType "swiss"]
[EventRounds "7"]
[EventCountry "ESP"]
[SourceTitle "Ajedrez en Madrid"]
[Source "lmi"]
[SourceDate "2024.05.13"]
[SourceVersion "1"]
[SourceVersionDate "2024.05.25"]
[SourceQuality "1"]

1. e4 e5 2. Nc3 Nf6 3. d3 d5 4. Bg5 dxe4 5. Nxe4 Be7 6. Bxf6 Bxf6 7. Qf3 Nc6 8.
Ne2 Be6 9. g3 Nb4 10. Kd2 Bg5+ 11. Kd1 O-O 12. a3 Nc6 13. h4 Be7 14. Bh3 f5 15.
N4c3 Qd7 16. Kc1 a6 17. Qe3 b5 18. Bg2 Rab8 19. f4 Bf6 20. fxe5 Nxe5 21. Nf4
Rfe8 22. Nxe6 c6 23. Nf4 b4 24. axb4 Rxb4 25. Nh5 Nc4 26. Nxf6+ gxf6 27. Qc5
1-0

[Event "Madrid ch Superveteranos 2023-2024"]
[Site "Madrid ESP"]
[Date "2024.05.13"]
[Round "1.9"]
[White "Samaniego Bordiu, Gonzalo"]
[Black "Diaz Begonte, Manuel"]
[Result "1-0"]
[WhiteElo "1881"]
[BlackElo "1712"]
[PlyCount "57"]
[EventDate "2024.05.13"]
[EventType "swiss"]
[EventRounds "7"]
[EventCountry "ESP"]
[SourceTitle "Ajedrez en Madrid"]
[Source "lmi"]
[SourceDate "2024.05.13"]
[SourceVersion "1"]
[SourceVersionDate "2024.05.25"]
[SourceQuality "1"]

1. d4 d5 2. c4 c6 3. Nf3 Nf6 4. e3 g6 5. Be2 Bg7 6. O-O O-O 7. Nc3 Bg4 8. b3
Na6 9. h3 Bxf3 10. Bxf3 e6 11. Bb2 Re8 12. Qd2 Nc7 13. Rad1 Nd7 14. e4 e5 15.
exd5 exd4 16. Ne4 Ne5 17. Bxd4 Nxf3+ 18. gxf3 Be5 19. Qh6 Bxd4 20. Rxd4 Re5 21.
dxc6 Qe7 22. Rd7 Qe6 23. Rxc7 Rh5 24. Qf4 Rf5 25. cxb7 Rb8 26. Qg3 h6 27. Rc8+
Rxc8 28. bxc8=Q+ Qxc8 29. Nd6 1-0

[Event "Madrid ch Superveteranos 2023-2024"]
[Site "Madrid ESP"]
[Date "2024.05.13"]
[Round "1.10"]
[White "Martinez Miura, Enrique"]
[Black "Fernandez Garcia, Ignacio"]
[Result "1/2-1/2"]
[WhiteElo "1703"]
[BlackElo "1872"]
[PlyCount "80"]
[EventDate "2024.05.13"]
[EventType "swiss"]
[EventRounds "7"]
[EventCountry "ESP"]
[SourceTitle "Ajedrez en Madrid"]
[Source "lmi"]
[SourceDate "2024.05.13"]
[SourceVersion "1"]
[SourceVersionDate "2024.05.25"]
[SourceQuality "1"]

1. e4 g6 2. d4 Bg7 3. Nf3 d6 4. Bc4 c6 5. O-O Nf6 6. Re1 O-O 7. h3 Nxe4 8. Rxe4
d5 9. Bxd5 cxd5 10. Re1 Nc6 11. Nc3 a6 12. Bf4 b5 13. Ne5 Bb7 14. a3 Rc8 15.
Nxc6 Bxc6 16. Qd2 Re8 17. Rad1 a5 18. Na2 Bd7 19. c3 Rc6 20. Nc1 b4 21. axb4
axb4 22. Nd3 bxc3 23. bxc3 Qa5 24. Nc5 Bc8 25. Ra1 Qd8 26. Ra8 Qb6 27. Rea1 e5
28. Bh6 Bf6 29. Be3 Be7 30. Qa2 Bxc5 31. dxc5 Qd8 32. Rd1 d4 33. cxd4 Rxc5 34.
dxc5 Qxd1+ 35. Kh2 Qd7 36. Qc4 Bb7 37. Rxe8+ Qxe8 38. f3 Qc6 39. Bh6 Qd5 40.
Qxd5 Bxd5 1/2-1/2

[Event "Madrid ch Superveteranos 2023-2024"]
[Site "Madrid ESP"]
[Date "2024.05.13"]
[Round "1.11"]
[White "Estrada Martinez, Cesar"]
[Black "Becerra Baigorri, Jose"]
[Result "1/2-1/2"]
[WhiteElo "1867"]
[BlackElo "1687"]
[PlyCount "88"]
[EventDate "2024.05.13"]
[EventType "swiss"]
[EventRounds "7"]
[EventCountry "ESP"]
[SourceTitle "Ajedrez en Madrid"]
[Source "lmi"]
[SourceDate "2024.05.13"]
[SourceVersion "1"]
[SourceVersionDate "2024.05.25"]
[SourceQuality "1"]

1. e4 e5 2. Nf3 Nc6 3. Nc3 Nf6 4. Bc4 Bc5 5. O-O d6 6. d3 Bg4 7. Bg5 h6 8. Be3
Nd4 9. Bxd4 Bxd4 10. h3 Bh5 11. g4 Bg6 12. Nxd4 exd4 13. Ne2 c5 14. f4 Qe7 15.
f5 Bh7 16. Nf4 O-O-O 17. Qf3 Bg8 18. Nd5 Nxd5 19. Bxd5 f6 20. Rae1 Bf7 21. Qg3
h5 22. Bxf7 Qxf7 23. g5 h4 24. Qg2 fxg5 25. Qxg5 Rh5 26. Qg4 Kb8 27. Rf2 Rdh8
28. Rg2 R5h7 29. Qg6 Qe7 30. Rf1 d5 31. exd5 Qe3+ 32. Kh2 Qe5+ 33. Kh1 Qxd5 34.
Qe6 Qxe6 35. fxe6 Re8 36. Re1 Re7 37. Rg6 Kc7 38. Re5 Kd6 39. Re4 Rh6 40. Rxh6
gxh6 41. Rxh4 Re8 42. Kg2 Rxe6 43. Kf3 Rg6 44. Kf4 Rf6+ 1/2-1/2

[Event "Madrid ch Superveteranos 2023-2024"]
[Site "Madrid ESP"]
[Date "2024.05.13"]
[Round "1.12"]
[White "Ghavami, Mahmoud"]
[Black "Corredor Gonzalez, Angel L."]
[Result "0-1"]
[WhiteElo "1682"]
[BlackElo "1845"]
[PlyCount "90"]
[EventDate "2024.05.13"]
[EventType "swiss"]
[EventRounds "7"]
[EventCountry "ESP"]
[SourceTitle "Ajedrez en Madrid"]
[Source "lmi"]
[SourceDate "2024.05.13"]
[SourceVersion "1"]
[SourceVersionDate "2024.05.25"]
[SourceQuality "1"]

1. d4 Nf6 2. c4 e5 3. dxe5 Ng4 4. e3 Nxe5 5. Nd2 Nbc6 6. a3 d5 7. Qc2 d4 8.
exd4 Nxd4 9. Qe4 f6 10. Ngf3 Ndxf3+ 11. Nxf3 Bd6 12. Nxe5 fxe5 13. c5 Bxc5 14.
Qxe5+ Qe7 15. Qxe7+ Bxe7 16. Bc4 Bf5 17. Bf4 O-O-O 18. O-O Rd4 19. Rfe1 Rxf4
20. Rxe7 Rxc4 21. Rxg7 Rd8 22. h3 b6 23. Re1 Rc2 24. Ree7 Rd1+ 25. Kh2 Rdd2 26.
f3 Bg6 27. Kg3 Rxg2+ 28. Kf4 Rc4+ 29. Ke3 Rxb2 30. h4 Rb3+ 31. Kf2 Rxa3 32. h5
Bxh5 33. Rxh7 Rxf3+ 34. Kg1 Rc1+ 35. Kg2 Rc2+ 36. Kg1 Rd3 37. Re1 Bg6 38. Rhe7
Rg3+ 39. Kh1 Rgg2 40. Re8+ Kb7 41. Rb8+ Ka6 42. Rxb6+ cxb6 43. Re7 Rh2+ 44. Kg1
Rcg2+ 45. Kf1 Bd3+ 0-1

[Event "Madrid ch Superveteranos 2023-2024"]
[Site "Madrid ESP"]
[Date "2024.05.13"]
[Round "1.13"]
[White "Lopez Heras, Arturo"]
[Black "Perez Molero, Jose Ignacio"]
[Result "1/2-1/2"]
[WhiteElo "1841"]
[BlackElo "1682"]
[PlyCount "124"]
[EventDate "2024.05.13"]
[EventType "swiss"]
[EventRounds "7"]
[EventCountry "ESP"]
[SourceTitle "Ajedrez en Madrid"]
[Source "lmi"]
[SourceDate "2024.05.13"]
[SourceVersion "1"]
[SourceVersionDate "2024.05.25"]
[SourceQuality "1"]

1. e4 c6 2. d4 d5 3. exd5 cxd5 4. c4 Nf6 5. Nc3 e6 6. Nf3 h6 7. c5 b6 8. b4 Bd7
9. Ne5 Nc6 10. Nxc6 Bxc6 11. b5 Bb7 12. c6 Bc8 13. Bd2 Bd6 14. Bd3 O-O 15. O-O
Qc7 16. f4 Qe7 17. Qf3 Ne8 18. f5 Qf6 19. Be3 Nc7 20. a4 exf5 21. Nxd5 Nxd5 22.
Qxd5 Qe6 23. Qf3 Qb3 24. Rad1 Qxa4 25. Qh5 f4 26. Bf2 Qb3 27. Bh4 a5 28. Qf3
Be6 29. Qe4 g6 30. Qe2 Qd5 31. Be4 Qc4 32. Bd3 Qd5 33. Bf2 Qg5 34. Be4 Rfe8 35.
Qd3 Bd5 36. Bxd5 Qxd5 37. Rc1 Bc7 38. Rce1 a4 39. Ra1 Ra5 40. Qc2 Qxb5 41. Rfb1
Qd5 42. Rxa4 Rxa4 43. Qxa4 Re4 44. Qa8+ Kg7 45. Qb7 Rxd4 46. Bxd4+ Qxd4+ 47.
Kh1 Qd6 48. Rc1 f3 49. g3 f2 50. Kg2 Qd5+ 51. Kxf2 Qd2+ 52. Kf3 Qxc1 53. Qxc7
Qc5 54. Qd7 Qc3+ 55. Kg2 Qb2+ 56. Kh3 Qb5 57. Qd4+ Kf8 58. c7 Qh5+ 59. Qh4 Qf5+
60. Qg4 Qf1+ 61. Kh4 Qf6+ 62. Kh3 Qf1+ 1/2-1/2

[Event "Madrid ch Superveteranos 2023-2024"]
[Site "Madrid ESP"]
[Date "2024.05.13"]
[Round "1.14"]
[White "Hortelano Hap, Ramon"]
[Black "Jimenez Jimenez, Jose Luis"]
[Result "1/2-1/2"]
[WhiteElo "1678"]
[BlackElo "1835"]
[PlyCount "51"]
[EventDate "2024.05.13"]
[EventType "swiss"]
[EventRounds "7"]
[EventCountry "ESP"]
[SourceTitle "Ajedrez en Madrid"]
[Source "lmi"]
[SourceDate "2024.05.13"]
[SourceVersion "1"]
[SourceVersionDate "2024.05.25"]
[SourceQuality "1"]

1. c4 Nf6 2. d4 e6 3. g3 d5 4. cxd5 exd5 5. Bg2 Bd6 6. Bg5 c6 7. Nf3 h6 8. Bxf6
Qxf6 9. O-O Bg4 10. h3 Bh5 11. Nbd2 Bg6 12. Qb3 Qe7 13. Rae1 O-O 14. Nh4 Bh7
15. e4 dxe4 16. Nxe4 b5 17. Nxd6 Qxd6 18. d5 g5 19. Nf3 Qxd5 20. Qxd5 cxd5 21.
Rd1 Be4 22. Nh2 Bxg2 23. Kxg2 Rd8 24. Ng4 Kg7 25. Ne3 Nc6 26. Nxd5 1/2-1/2

[Event "Madrid ch Superveteranos 2023-2024"]
[Site "Madrid ESP"]
[Date "2024.05.13"]
[Round "1.15"]
[White "Barahona Torrijos, Angel"]
[Black "Conchillo Roman, Jose Ignacio"]
[Result "1/2-1/2"]
[WhiteElo "1828"]
[BlackElo "1672"]
[PlyCount "96"]
[EventDate "2024.05.13"]
[EventType "swiss"]
[EventRounds "7"]
[EventCountry "ESP"]
[SourceTitle "Ajedrez en Madrid"]
[Source "lmi"]
[SourceDate "2024.05.13"]
[SourceVersion "1"]
[SourceVersionDate "2024.05.25"]
[SourceQuality "1"]

1. e4 c5 2. Nf3 d6 3. d4 cxd4 4. Qxd4 Nc6 5. Bb5 Bd7 6. Bxc6 Bxc6 7. Nc3 Nf6 8.
Bg5 e6 9. O-O-O Be7 10. Rhe1 O-O 11. Kb1 Qc7 12. e5 dxe5 13. Qxe5 Qxe5 14. Nxe5
Rfd8 15. f3 Bb4 16. Nxc6 bxc6 17. Rd3 Rxd3 18. cxd3 Nd5 19. Kc2 Bd6 20. g3 h6
21. Bc1 Rd8 22. a3 Be7 23. Ne4 Kf8 24. b4 Nf6 25. Bb2 Rd5 26. Nxf6 gxf6 27. Re4
a5 28. Rc4 axb4 29. axb4 Rb5 30. Rxc6 Rxb4 31. Rc7 Rb8 32. h4 e5 33. h5 Bd6 34.
Rc6 Ke7 35. Bc1 Kd7 36. Rc4 Bf8 37. Be3 Rc8 38. Rxc8 Kxc8 39. Kc3 Kd7 40. Kc4
Ke6 41. Bc5 Bd6 42. d4 exd4 43. Bxd6 Kxd6 44. Kxd4 f5 45. g4 Ke6 46. Ke3 fxg4
47. fxg4 f5 48. Kf4 fxg4 1/2-1/2

[Event "Madrid ch Superveteranos 2023-2024"]
[Site "Madrid ESP"]
[Date "2024.05.13"]
[Round "1.16"]
[White "Gonzalez Finat, Borja"]
[Black "Martin-Consuegra Barrilero, Javi"]
[Result "0-1"]
[WhiteElo "1672"]
[BlackElo "1827"]
[PlyCount "94"]
[EventDate "2024.05.13"]
[EventType "swiss"]
[EventRounds "7"]
[EventCountry "ESP"]
[SourceTitle "Ajedrez en Madrid"]
[Source "lmi"]
[SourceDate "2024.05.13"]
[SourceVersion "1"]
[SourceVersionDate "2024.05.25"]
[SourceQuality "1"]

1. d4 d6 2. Nf3 Bg4 3. e4 Nf6 4. Nbd2 Nbd7 5. Be2 e6 6. O-O Be7 7. c4 c6 8. e5
dxe5 9. dxe5 Bxf3 10. Nxf3 Ng4 11. Bf4 Qc7 12. Qd4 Bc5 13. Qc3 h5 14. b4 Be7
15. h3 Nh6 16. Rfe1 Nf5 17. Bd3 g6 18. Bg5 Bxg5 19. Nxg5 Ne7 20. Bc2 O-O 21.
Ne4 Qxe5 22. Qxe5 Nxe5 23. Nf6+ Kg7 24. Nxh5+ gxh5 25. Rxe5 Rh8 26. Rg5+ Kf6
27. h4 Ng6 28. Bxg6 fxg6 29. Re1 Rad8 30. Rge5 Rhe8 31. f3 Rd4 32. R5e4 Rxe4
33. Rxe4 Rd8 34. Kf2 Rd2+ 35. Re2 Rd4 36. Re4 e5 37. Ke3 Rd1 38. a4 b6 39. c5
bxc5 40. bxc5 Rc1 41. Kd3 Rxc5 42. Rc4 Rd5+ 43. Kc3 c5 44. Re4 Rd4 45. a5 Kf5
46. g3 Rxe4 47. fxe4+ Kxe4 0-1

[Event "Madrid ch Superveteranos 2023-2024"]
[Site "Madrid ESP"]
[Date "2024.05.13"]
[Round "1.17"]
[White "Pinan Gaviria, Jose"]
[Black "Salgado Duarte, Pablo"]
[Result "1-0"]
[WhiteElo "1819"]
[BlackElo "1663"]
[PlyCount "73"]
[EventDate "2024.05.13"]
[EventType "swiss"]
[EventRounds "7"]
[EventCountry "ESP"]
[SourceTitle "Ajedrez en Madrid"]
[Source "lmi"]
[SourceDate "2024.05.13"]
[SourceVersion "1"]
[SourceVersionDate "2024.05.25"]
[SourceQuality "1"]

1. e4 e5 2. Nf3 d6 3. d4 exd4 4. Nxd4 Bd7 5. Bc4 Nf6 6. Nc3 Be7 7. O-O O-O 8.
Nd5 Nc6 9. Nxe7+ Qxe7 10. Re1 Qe5 11. c3 a6 12. f3 Qc5 13. Bb3 Qh5 14. Bf4 Qg6
15. Qd2 Rad8 16. Bc2 Qh5 17. Bg5 Ne5 18. Qf4 Ng6 19. Qg3 h6 20. Bxf6 gxf6 21.
f4 Kh8 22. Bd1 Qc5 23. Kh1 Rg8 24. Qe3 Kh7 25. b4 Qb6 26. Bc2 c5 27. Nb3 Rc8
28. Rad1 Qc7 29. e5 cxb4 30. Rxd6 Be6 31. f5 Nxe5 32. fxe6+ Kg7 33. exf7 Kxf7
34. Red1 Qxc3 35. Qxh6 Qxc2 36. Qxf6+ Ke8 37. Re6# 1-0

[Event "Madrid ch Superveteranos 2023-2024"]
[Site "Madrid ESP"]
[Date "2024.05.13"]
[Round "1.18"]
[White "Santiago Jimenez, Ramon"]
[Black "Ortiz Landeira, Jose Antonio"]
[Result "1-0"]
[WhiteElo "1663"]
[BlackElo "1817"]
[PlyCount "110"]
[EventDate "2024.05.13"]
[EventType "swiss"]
[EventRounds "7"]
[EventCountry "ESP"]
[SourceTitle "Ajedrez en Madrid"]
[Source "lmi"]
[SourceDate "2024.05.13"]
[SourceVersion "1"]
[SourceVersionDate "2024.05.25"]
[SourceQuality "1"]

1. d4 d5 2. Bf4 e6 3. Nf3 Bd6 4. Bg3 c6 5. e3 Qc7 6. Bd3 Nd7 7. Ng5 Ngf6 8. Nd2
h6 9. Nh3 e5 10. dxe5 Nxe5 11. Nf4 Nxd3+ 12. Nxd3 Bf5 13. Qf3 Bg4 14. Bxd6 Qxd6
15. Qf4 Qxf4 16. Nxf4 g5 17. Nd3 Bf5 18. O-O Bxd3 19. cxd3 O-O 20. f4 g4 21.
Nb3 Rfe8 22. Rae1 b6 23. Nd4 c5 24. Nb5 Re7 25. Nd6 Re6 26. Nb5 Rae8 27. Nc7
Rxe3 28. Nxe8 Rxe8 29. Rxe8+ Nxe8 30. Re1 Kf8 31. Re5 d4 32. Rd5 Ke7 33. Kf2
Nf6 34. Re5+ Kd6 35. b3 b5 36. Rf5 Nd5 37. Rxf7 a5 38. Rh7 Nxf4 39. Rxh6+ Kd5
40. h4 gxh3 41. gxh3 Nxd3+ 42. Ke2 Nc1+ 43. Kd2 Nxa2 44. h4 c4 45. Rh5+ Kc6 46.
bxc4 bxc4 47. Rxa5 Nb4 48. h5 c3+ 49. Kc1 d3 50. h6 Nd5 51. Rxd5 Kxd5 52. h7
Ke4 53. h8=Q Kd5 54. Kd1 Kc4 55. Qc8+ Kd4 1-0

[Event "Madrid ch Superveteranos 2023-2024"]
[Site "Madrid ESP"]
[Date "2024.05.13"]
[Round "1.19"]
[White "Cabrera Jimenez, Julio"]
[Black "Calle Trueba, Jose Antonio"]
[Result "1/2-1/2"]
[WhiteElo "1815"]
[BlackElo "1633"]
[PlyCount "34"]
[EventDate "2024.05.13"]
[EventType "swiss"]
[EventRounds "7"]
[EventCountry "ESP"]
[SourceTitle "Ajedrez en Madrid"]
[Source "lmi"]
[SourceDate "2024.05.13"]
[SourceVersion "1"]
[SourceVersionDate "2024.05.25"]
[SourceQuality "1"]

1. e4 e6 2. d4 d5 3. Nd2 dxe4 4. Nxe4 Nd7 5. Nf3 Ngf6 6. Bg5 Be7 7. Bd3 Nxe4 8.
Bxe7 Qxe7 9. Bxe4 Nf6 10. Bd3 Qb4+ 11. Qd2 Qxb2 12. O-O O-O 13. a4 Qb6 14. c4
c5 15. Rfb1 Qc7 16. a5 cxd4 17. Nxd4 Bd7 1/2-1/2

[Event "Madrid ch Superveteranos 2023-2024"]
[Site "Madrid ESP"]
[Date "2024.05.13"]
[Round "1.20"]
[White "Abad Martin-Camunas, Luis"]
[Black "Hernandez Gutierrez, Jose"]
[Result "0-1"]
[WhiteElo "1623"]
[BlackElo "1805"]
[PlyCount "56"]
[EventDate "2024.05.13"]
[EventType "swiss"]
[EventRounds "7"]
[EventCountry "ESP"]
[SourceTitle "Ajedrez en Madrid"]
[Source "lmi"]
[SourceDate "2024.05.13"]
[SourceVersion "1"]
[SourceVersionDate "2024.05.25"]
[SourceQuality "1"]

1. e4 c6 2. c4 d5 3. exd5 cxd5 4. d4 Nf6 5. h3 e6 6. Nc3 Bb4 7. Bd2 Nc6 8. Nf3
O-O 9. c5 a6 10. a3 Bxc3 11. Bxc3 Ne4 12. Qc2 f5 13. Bd3 Qf6 14. O-O Bd7 15. a4
a5 16. Rab1 Rfb8 17. b3 b6 18. Bb5 bxc5 19. dxc5 Qxc3 20. Qxc3 Nxc3 21. Rb2
Nxb5 22. axb5 Rxb5 23. Rc1 Rab8 24. Rc3 a4 25. Nd2 Nd4 26. Kh2 Bc6 27. Nb1 Rxb3
28. Rcxb3 Rxb3 0-1